Tvorba ceny produktu v cestovnej kancelárii HYDROTOUR, a.s. pri prechode z národnej meny na euro diplomová práca

Salvato in:
Dettagli Bibliografici
Autore principale: Kolomyová, Marta
Ente Autore: Národohospodárska fakulta EU. Katedra financií
Altri autori: Mikócziová, Jana
Natura: Libro
Lingua:slovacco
Pubblicazione: Bratislava 2009
Tags: Aggiungi Tag
Nessun Tag, puoi essere il primo ad aggiungerne!!

MARC

LEADER 00000nam$a2200000$$$4500
001 0096653
005 20240318141539.9
041 0 |a slo 
044 |a SK 
245 1 0 |a Tvorba ceny produktu v cestovnej kancelárii HYDROTOUR, a.s. pri prechode z národnej meny na euro  |b diplomová práca  |c Marta Kolomyová ; škol. Jana Mikócziová 
264 1 |a Bratislava  |c 2009 
300 |a 80 s. 
100 1 |a Kolomyová, Marta 
700 1 |a Mikócziová, Jana 
710 2 |a Národohospodárska fakulta EU. Katedra financií